[Event "SCG First League m"]
[Site "Vrnjacka Banja SCG"]
[Date "2005.10.20"]
[Round "4"]
[White "Tseshkovsky,V"]
[Black "Ivanovic,B"]
[Result "0-1"]
[WhiteElo "2600"]
[BlackElo "2436"]

1.e4 c5 2.Nf3 Nc6 3.Nc3 d6 4.d4 cxd4 5.Nxd4 Nf6 6.Bg5 e6 7.Qd2 Qb6 8.Nb3 a6
9.O-O-O Be7 10.f3 O-O 11.g4 Rd8 12.Be3 Qc7 13.g5 Nd7 14.h4 b5 15.h5 b4 16.Ne2 Nde5
17.Ned4 d5 18.Nxc6 Qxc6 19.f4 Nf3 20.Nd4 Nxd4 21.Qxd4 e5 22.Qxe5 Bg4 23.Rxd5 Bc5
24.Bxc5 Qxc5  0-1

[Event "Independence Day Women"]
[Site "Sheki AZE"]
[Date "2005.10.21"]
[Round "7"]
[White "Muzychuk,A"]
[Black "Umudova,N"]
[Result "1-0"]
[WhiteElo "2373"]
[BlackElo "2101"]

1.e4 c5 2.Nf3 Nc6 3.Nc3 g6 4.d4 cxd4 5.Nxd4 Bg7 6.Be3 d6 7.f3 Nf6 8.Qd2 O-O
9.O-O-O d5 10.exd5 Nxd5 11.Nxc6 bxc6 12.Nxd5 cxd5 13.Qxd5 Qc7 14.Qc5 Qb7
15.c3 Bf5 16.Qa3 Rab8 17.Ba6 Qc6 18.Bd3 Rfc8 19.Bxf5 gxf5 20.Rd3 e5 21.Rhd1 e4
22.fxe4 fxe4 23.Rd5 Qb7 24.Rd7 Qc6 25.Qe7 Rf8 26.Rd8 Qb5 27.Rxf8+ Bxf8 28.Qg5+ Qxg5
29.Bxg5 Re8 30.Be3 a6 31.Rd5 f6 32.g4 Kf7 33.c4 Kg6 34.b3 Re6 35.h3 Bd6 36.Kd2 Be5
37.Bd4 Bf4+ 38.Ke2 Bg5 39.Be3 Bh4 40.b4 Bg3 41.a4 Be5 42.Bd4 Bf4 43.h4 h6
44.b5 axb5 45.cxb5 Kf7 46.a5 Re8 47.Rf5 Rd8 48.Bxf6 Rd2+ 49.Ke1  1-0

[Event "Chigorin Mem"]
[Site "St Petersburg RUS"]
[Date "2005.10.21"]
[Round "7"]
[White "Kirpichenkov,S"]
[Black "Sorokina,A RUS"]
[Result "1/2-1/2"]
[WhiteElo "2037"]
[BlackElo "2063"]

1.e4 c5 2.Nf3 Nc6 3.Nc3 d6 4.d4 cxd4 5.Nxd4 Nf6 6.f3 Nxd4 7.Qxd4 g6 8.Be3 Bg7
9.Bc4 O-O 10.Qd2 a6 11.O-O-O b5 12.Bb3 Bd7 13.Bh6 a5 14.h4 a4 15.Bd5 b4 16.Ne2 Nxd5
17.Bxg7 Kxg7 18.exd5 b3 19.cxb3 axb3 20.a3 h5 21.g4 Rc8+ 22.Nc3 Rh8 23.Kb1 Rc4  1/2-1/2

[Event "Chigorin Mem"]
[Site "St Petersburg RUS"]
[Date "2005.10.21"]
[Round "7"]
[White "Tchernyi,V"]
[Black "Gasanov,E"]
[Result "0-1"]
[WhiteElo "2244"]
[BlackElo "2427"]

1.e4 c5 2.Nf3 Nc6 3.Nc3 d6 4.d4 cxd4 5.Nxd4 Nf6 6.f3 Qb6 7.Be3 a6 8.Na4 Qa5+
9.c3 Bd7 10.Nxc6 Bxc6 11.Nb6 Rd8 12.Qd2 Nd7 13.b4 Qh5 14.Nc4 d5 15.Na5 Ne5
16.O-O-O e6 17.Be2 Qg6 18.f4 Ng4 19.f5 exf5 20.exf5 Qxf5 21.Rhf1 Qe6 22.Bd4 f6
23.Bd3 Ne5 24.Bf5 Qd6 25.Nb3 Nc4 26.Rde1+ Be7 27.Qe2 b6 28.Qh5+ Kf8 29.Re6 Qc7
30.Bxh7 Be8 31.Qf5 Bf7 32.Re2 Nd6 33.Qd3 Ne4 34.Bxe4 dxe4 35.Qxe4 Bxb4 36.Kb2 Re8
37.Qd3 Rxe2+ 38.Qxe2 Bc4 39.Qf2 Bxf1 40.cxb4 Bxg2 41.Bxb6 Qe5+ 42.Bd4 Qxh2
43.Ka3 Be4 44.Qf1 Kf7 45.Qc4+ Kg6 46.Bxf6 Qc2 47.Bc3 Rh2 48.Qe6+ Kh7 49.Bd2 Qd3
50.Bf4 Bd5 51.Qe3 Qxe3 52.Bxe3 Kg6 53.Bd4 Kf7 54.Bb2 Rh3 55.Ka4 Bxb3+ 56.axb3 Rh2
57.Ba3 Ra2 58.b5 axb5+ 59.Kb4 Rxa3  0-1

[Event "Femida"]
[Site "Kharkiv UKR"]
[Date "2005.10.22"]
[Round "7"]
[White "Sitnikov,A"]
[Black "Kovchan,A"]
[Result "0-1"]
[WhiteElo "2443"]
[BlackElo "2504"]

1.e4 c5 2.Nc3 Nc6 3.Nge2 Nd4 4.Nxd4 cxd4 5.Ne2 e5 6.c3 dxc3 7.Nxc3 Bc5 8.Bc4 Nf6
9.d3 h6 10.O-O O-O 11.Be3 Bxe3 12.fxe3 d6 13.Qb3 Qe7 14.Rac1 Be6 15.Bxe6 fxe6
16.Nb5 Ng4 17.d4 Qg5 18.Nc7 Nxe3 19.Rxf8+ Rxf8 20.g3 Nd5 21.Rc2 Qf6 22.Qb5 Ne3  0-1

[Event "Chigorin Mem"]
[Site "St Petersburg RUS"]
[Date "2005.10.22"]
[Round "8"]
[White "Sjugirov,S"]
[Black "Nikitinyh,B"]
[Result "1-0"]
[WhiteElo "2376"]
[BlackElo "2259"]

1.e4 c5 2.Nf3 Nc6 3.Nc3 e5 4.Bc4 Be7 5.d3 Nf6 6.O-O O-O 7.Bg5 d6 8.Bxf6 Bxf6
9.a3 Bg4 10.h3 Be6 11.Nd5 Bxd5 12.Bxd5 Qd7 13.c3 Ne7 14.Qb3 Rab8 15.a4 Nxd5
16.Qxd5 Rfc8 17.Nd2 Qe6 18.Nc4 Qxd5 19.exd5 Be7 20.f4 Rd8 21.Rae1 f6 22.Kf2 Rd7
23.Kf3 Rf8 24.Re3 g6 25.g4 Rf7 26.Ke2 Bf8 27.Ref3 Bg7 28.fxe5 dxe5 29.d6 Rf8
30.Ke3 Rfd8 31.Rb1 a5 32.b4 axb4 33.cxb4 cxb4 34.Rxb4 Bh6+ 35.Ke4 Rxd6 36.Nxd6 Rxd6
37.Rf2 b6 38.Rc2 Kf7 39.d4 exd4 40.Rxd4 Re6+ 41.Kd5 f5 42.gxf5 gxf5 43.Rh4 Be3
44.Rxh7+ Kf6 45.Rcc7 Re5+ 46.Kc4 f4 47.Kd3 Bc5 48.Rcf7+ Kg6 49.Rhg7+ Kh6
50.Rg4 Re3+ 51.Kc4 Re4+ 52.Kd5 Rxa4 53.Rfxf4 Rxf4 54.Rxf4 Kg5 55.Rg4+ Kh5
56.Rc4 Kg5 57.Ke5 Kg6 58.Kf4 Kf6 59.h4 Kg6 60.Kg4 Kh6 61.Re4 Kg6 62.h5+ Kf6
63.h6 Kg6 64.Re6+ Kf7 65.Rc6 Bd4 66.Kf5 b5 67.Rc7+ Ke8 68.Rb7 Be3 69.h7 Bd4
70.Rb8+  1-0

[Event "II Open"]
[Site "Calvia ESP"]
[Date "2005.10.23"]
[Round "4"]
[White "Bauer,Ch"]
[Black "Pena Gomez,M"]
[Result "1-0"]
[WhiteElo "2625"]
[BlackElo "2315"]

1.e4 c5 2.Nc3 Nc6 3.Nge2 Nd4 4.Nxd4 cxd4 5.Nb5 e5 6.Qh5 d6 7.Bc4 g6 8.Qf3 Nf6
9.Qb3 Nxe4 10.Bxf7+ Ke7 11.d3 Nf6 12.Bg5 Bg7 13.f4 Qa5+ 14.c3 Bd7 15.a4 Rhf8
16.O-O e4 17.Bd5 dxc3 18.Nxc3 exd3 19.Rae1+ Kd8 20.Qxb7 Rc8 21.Kh1 h6 22.Bh4 Re8
23.Rxe8+ Kxe8 24.Re1+ Kd8 25.Bf3 g5 26.fxg5 hxg5 27.Bf2 d2 28.Rd1 g4 29.Bxa7 Qe5
30.Qb6+ Ke8 31.Bb7 Rc5 32.Rg1 Qe1 33.Qxd6 Bf8 34.Qxf6 Rxc3 35.Qxc3 Qxg1+
36.Bxg1 d1=Q 37.Bc6  1-0

[Event "Open A"]
[Site "Liberec CZE"]
[Date "2005.10.23"]
[Round "2"]
[White "Krivanek,V"]
[Black "Trichkov,V"]
[Result "0-1"]
[WhiteElo "2066"]
[BlackElo "2333"]

1.e4 c5 2.Nc3 Nc6 3.Nge2 g6 4.d4 cxd4 5.Nxd4 Bg7 6.Be3 d6 7.Be2 Nf6 8.h4 h5
9.f3 Bd7 10.Qd2 Rc8 11.O-O-O a6 12.Rdg1 Ne5 13.Kb1 b5 14.Nd5 Nxd5 15.exd5 Qc7
16.g4 Nc4 17.Bxc4 Qxc4 18.gxh5 Rxh5 19.Rg5 Rxg5 20.hxg5 Qxd5 21.Rh7 Kf8 22.Qh2 e5
23.Rh8+ Ke7 24.Rxc8 Bxc8 25.Nb3 Qxf3 26.Qd2 Bf5 27.Qc3 Qf1+ 28.Bc1 Qc4 29.Qd2 Qc7
30.Na1 e4 31.Qd5 Be5 32.Be3 Qc4 33.Qb7+ Bd7 34.Nb3 Qe6 35.Qb8 Qd5 36.Nd2 Bd4
37.Bf4 e3 38.Nf3 Bc5 39.Kc1 Qxf3  0-1

[Event "SCG First League m"]
[Site "Vrnjacka Banja SCG"]
[Date "2005.10.23"]
[Round "7"]
[White "Solak,D"]
[Black "Simic,R"]
[Result "1/2-1/2"]
[WhiteElo "2568"]
[BlackElo "2412"]

1.e4 c5 2.Nc3 Nc6 3.Nge2 e5 4.Nd5 Nce7 5.Nec3 Nxd5 6.Nxd5 Nf6 7.Bc4 Be7 8.d3 Nxd5
9.Bxd5 d6 10.O-O O-O 11.c3 Bg5 12.f4 Bxf4 13.Bxf4 exf4 14.Rxf4 Be6 15.Qh5 Bxd5
16.Qxd5 Qe7 17.Raf1 Rab8 18.g4 Rbe8 19.Kg2 b6 20.Rf5 Qe6 21.Kg3 f6 22.a4 Kf7
23.Qc6 Kg8 24.Rd5 Rd8 25.a5 Qd7 26.Qxd7 Rxd7 27.axb6 axb6 28.Ra1 Kf7 29.Ra6 Rb8
30.b4 Ke7 31.Rh5 h6 32.b5 Ke6 33.h4 Rbb7 34.Rd5 g6 35.h5 Rg7 36.Ra8 Ra7 37.Rb8 Rab7
38.Rxb7 Rxb7 39.hxg6 Rg7 40.Rh5 Rxg6 41.Kf4 Rg5 42.Rxh6 c4 43.d4 Rxb5 44.d5+ Kf7
45.Kf5 Rb3 46.Rh7+ Kg8 47.Rb7 Rxc3 48.Kg6 Kf8 49.Kxf6 Rf3+ 50.Ke6 Re3 51.Rb8+ Kg7
52.Rxb6 Rxe4+ 53.Kxd6 Kf6 54.Kc7+ Ke5 55.d6 Rxg4 56.d7 Rg7 57.Rg6 Rxd7+ 58.Kxd7 c3
59.Rc6 Kd4 60.Kd6 Kd3 61.Kc5 c2 62.Kb4 Kd2 63.Rd6+ Ke1 64.Re6+ Kd1 65.Rh6 c1=Q
66.Rh1+ Kd2 67.Rxc1 Kxc1  1/2-1/2

[Event "II Open"]
[Site "Calvia ESP"]
[Date "2005.10.24"]
[Round "5"]
[White "Perez Candelario,Man"]
[Black "Permuy Lorenzo,C"]
[Result "1/2-1/2"]
[WhiteElo "2522"]
[BlackElo "2376"]

1.e4 c5 2.Nc3 Nc6 3.Nge2 g6 4.d4 cxd4 5.Nxd4 Bg7 6.Be3 Nf6 7.Bc4 O-O 8.Bb3 d6
9.f3 Bd7 10.h4 Na5 11.g4 Qc7 12.Qd3 a6 13.g5 Nh5 14.Nd5 Qd8 15.Ne2 Nxb3 16.axb3 Bc6
17.c3 Rc8 18.O-O-O Bxd5 19.Qxd5 Qc7 20.Kb1 Rfd8 21.Qd2 b5 22.Rc1 e6 23.c4 bxc4
24.bxc4 Qb7 25.Bd4 Qb3 26.Rc3 Qb4 27.Bxg7 Nxg7 28.Qc2  1/2-1/2

[Event "Essent Open"]
[Site "Hoogeveen NED"]
[Date "2005.10.25"]
[Round "5"]
[White "Rogers,I"]
[Black "Hoeksema,E"]
[Result "1/2-1/2"]
[WhiteElo "2556"]
[BlackElo "2401"]

1.e4 c5 2.Nc3 Nc6 3.Bb5 Nd4 4.Bc4 e6 5.Nge2 Nxe2 6.Qxe2 Ne7 7.d3 Nc6 8.O-O Be7
9.a3 Nd4 10.Qd1 a6 11.Ba2 b5 12.Ne2 Nxe2+ 13.Qxe2 O-O 14.c3 d5 15.d4 cxd4
16.exd5 exd5 17.cxd4 Bf6 18.Be3 Be6 19.Qd2 Qb6 20.Rad1 Rfc8 21.Bg5 Bxg5 22.Qxg5 Rc2
23.Bxd5 h6 24.Qh5 Rd8 25.Bxe6  1/2-1/2

[Event "SCG First League m"]
[Site "Vrnjacka Banja SCG"]
[Date "2005.10.25"]
[Round "9"]
[White "Perunovic,Mil"]
[Black "Popadic,Dr"]
[Result "1-0"]
[WhiteElo "2514"]
[BlackElo "2287"]

1.e4 c5 2.Nc3 Nc6 3.Bb5 e5 4.d3 Nf6 5.f4 exf4 6.Bxf4 d6 7.Nf3 Bd7 8.O-O Be7
9.a3 O-O 10.Qd2 a6 11.Bc4 Be6 12.Nd5 Bxd5 13.Bxd5 Nxd5 14.exd5 Ne5 15.c4 Ng6
16.Bg3 Bf6 17.Rab1 a5 18.b4 axb4 19.axb4 b6 20.h3 Ra3 21.bxc5 bxc5 22.Rb7 h6
23.Rfb1 Bh4 24.Nxh4 Nxh4 25.Rb8 Qxb8 26.Rxb8 Rxb8 27.Bxh4 Re8 28.Bg3 Rd8
29.Kh2 Ra7 30.Qb2 Rad7 31.Be1 Re8 32.Qb5 Ree7 33.Bg3 Kh7 34.Qb8  1-0

[Event "Essent Open"]
[Site "Hoogeveen NED"]
[Date "2005.10.26"]
[Round "6"]
[White "Van der Wiel,J"]
[Black "Spoelman,W"]
[Result "1-0"]
[WhiteElo "2503"]
[BlackElo "2362"]

1.e4 c5 2.Nc3 Nc6 3.Bb5 Nd4 4.Nf3 Nxb5 5.Nxb5 Nf6 6.e5 Nd5 7.Ng5 f6 8.Qf3 Nb4
9.exf6 exf6 10.Qh5+ g6 11.Qe2+ Qe7 12.Nd6+ Kd8 13.Ngf7+ Kc7 14.Qxe7 Bxe7
15.Nxh8 Bxd6 16.Kd1 b5 17.Nf7 Bb7 18.f3 Bf8 19.d3 g5 20.a3 Na6 21.c4 bxc4
22.dxc4 Re8 23.Bd2 d5 24.Ba5+ Kd7 25.Re1 dxc4 26.Rxe8 Kxe8 27.Nd8 Ba8 28.Kc2 Be7
29.Ne6 Kf7 30.Re1 Bd5 31.Nd8+ Ke8 32.Rd1 Ba8 33.Ne6 Bc6 34.Re1 Bd5 35.Ng7+ Kf7
36.Nf5 Bf8 37.Kc3 Nb8 38.Bc7 Nc6 39.Bd6 Ne5 40.Bxf8 Kxf8 41.Rd1  1-0

[Event "SCG First League w"]
[Site "Vrnjacka Banja SCG"]
[Date "2005.10.26"]
[Round "10"]
[White "Drljevic,L"]
[Black "Djukic,Sa"]
[Result "1-0"]
[WhiteElo "2189"]
[BlackElo "2140"]

1.e4 c5 2.Nf3 Nc6 3.Nc3 e6 4.Bb5 Nd4 5.Nxd4 cxd4 6.Ne2 Qb6 7.Bd3 Ne7 8.O-O Nc6
9.c3 Be7 10.Kh1 d6 11.a4 Bd7 12.a5 Nxa5 13.Nxd4 Bf6 14.b4 Nc6 15.Nxc6 Bxc6
16.Ra5 d5 17.exd5 Bxd5 18.Qa4+ Bc6 19.b5 Bd7 20.Ba3 Bg5 21.Qb4 Bd8 22.Ra4 a5
23.bxa6 Qxb4 24.Rxb4 bxa6 25.Be4 Ra7 26.Rfb1 Bc7 27.Rb8+  1-0

[Event "Essent Open"]
[Site "Hoogeveen NED"]
[Date "2005.10.27"]
[Round "7"]
[White "Weeks,Ma"]
[Black "Dogge,M"]
[Result "1-0"]
[WhiteElo "2268"]
[BlackElo "2168"]

1.e4 c5 2.Nc3 Nc6 3.Bb5 Nd4 4.Bc4 d6 5.Nce2 Nf6 6.c3 Nc6 7.d3 a6 8.Nf3 g6
9.O-O Bg7 10.Bb3 O-O 11.Ng3 b5 12.Re1 Bg4 13.h3 Bxf3 14.Qxf3 Rc8 15.Qe2 b4
16.f4 Nd7 17.Bd2 Nb6 18.f5 d5 19.fxg6 hxg6 20.exd5 Nxd5 21.Ne4 Ne5 22.Ng5 Bf6
23.Qe4 bxc3 24.bxc3 c4 25.dxc4 Nb6 26.Qh4 Bxg5 27.Bxg5 f6 28.c5+ Nd5 29.Rxe5 fxe5
30.Bxe7 Qd7 31.Rd1 Rf4 32.Rxd5 Qb5 33.Rd8+  1-0

[Event "5th Rohde Open"]
[Site "Sautron FRA"]
[Date "2005.10.27"]
[Round "6"]
[White "Levacic,M"]
[Black "Ivanov,Jo"]
[Result "0-1"]
[WhiteElo "1993"]
[BlackElo "2359"]

1.e4 c5 2.Nc3 Nc6 3.Bb5 Nd4 4.Bc4 e6 5.Nf3 Ne7 6.O-O Nec6 7.Nxd4 cxd4 8.Ne2 d5
9.exd5 exd5 10.Bb3 Bd6 11.d3 Qc7 12.g3 Bh3 13.Re1 O-O-O 14.Nf4 Bxf4 15.Bxf4 Qd7
16.Ba4 f6 17.c3 g5 18.Bd2 Kb8 19.cxd4 Rhe8 20.Rxe8 Rxe8 21.Rc1 Ka8 22.Bxc6 bxc6
23.Qa4 Re6 24.Qb4 Qe8 25.Be3 Rxe3 26.fxe3 Qxe3+  0-1

[Event "5th Rohde Open"]
[Site "Sautron FRA"]
[Date "2005.10.27"]
[Round "6"]
[White "Geller,J"]
[Black "Tirard,H"]
[Result "1-0"]
[WhiteElo "2490"]
[BlackElo "2435"]

1.e4 c5 2.Nf3 Nc6 3.Nc3 Nf6 4.d4 cxd4 5.Nxd4 e5 6.Ndb5 d6 7.Bg5 a6 8.Na3 b5
9.Bxf6 gxf6 10.Nd5 Bg7 11.Bd3 Ne7 12.Nxe7 Qxe7 13.O-O O-O 14.c4 f5 15.Qf3 Rb8
16.exf5 bxc4 17.Nxc4 d5 18.Ne3 Bb7 19.Nxd5 Bxd5 20.Qxd5 Rfd8 21.Qe4 Rxb2
22.Bxa6 Qa7 23.Bc4 Rd4 24.Qc6 Rf4 25.Rad1 Bf8 26.Rd3 Rxf5 27.Rg3+ Kh8 28.Qc8  1-0

[Event "SCG First League m"]
[Site "Vrnjacka Banja SCG"]
[Date "2005.10.27"]
[Round "11"]
[White "Kalezic,B"]
[Black "Miljkovic,Mir1"]
[Result "0-1"]
[WhiteElo "2445"]
[BlackElo "2411"]

1.e4 c5 2.Nf3 Nc6 3.Nc3 e5 4.Bc4 Be7 5.d3 d6 6.O-O Nf6 7.Ng5 O-O 8.f4 Bg4
9.Nf3 exf4 10.Bxf4 Be6 11.Nd5 Bxd5 12.Bxd5 Nxd5 13.exd5 Ne5 14.c4 Ng6 15.Bg3 Bf6
16.Rb1 Re8 17.Kh1 Ne5 18.b4 b6 19.h3 Qd7 20.bxc5 bxc5 21.Qb3 Rac8 22.Nd2 Bd8
23.Ne4 f5 24.Nd2 g6 25.Qa3 Nf7 26.Rf2 Rc7 27.Rbf1 Bf6 28.Nb3 Be5 29.Bxe5 Nxe5
30.Nc1 Qe7 31.Ne2 Qh4 32.Kg1 Rce7 33.Rf4 Qh5 34.Ng3 Qg5 35.Kh2 Ng4+ 36.Kg1 Nf6
37.Nxf5 gxf5 38.Rxf5 Qe3+ 39.Kh2 Rg7 40.Qb2 Qe2 41.R1f2 Qxb2 42.Rxb2 Nd7  0-1

[Event "Autumn Open"]
[Site "St Petersburg RUS"]
[Date "2005.11.03"]
[Round "6"]
[White "Butuc,M"]
[Black "Akatova,E"]
[Result "0-1"]
[WhiteElo "2092"]
[BlackElo "2151"]

1.e4 c5 2.Nc3 Nc6 3.Bb5 g6 4.Bxc6 bxc6 5.d3 Bg7 6.f4 d6 7.Nf3 Nf6 8.O-O O-O
9.Qe2 Nd7 10.g4 f5 11.gxf5 gxf5 12.Kh1 Nf6 13.e5 Nd5 14.Bd2 Rb8 15.Rab1 Nc7
16.Rg1 Ne6 17.Qf2 d5 18.Na4 d4 19.Qg2 Rf7 20.b3 Kh8 21.Ng5 Nxg5 22.Qxg5 Be6
23.h3 Qd5+ 24.Qg2 Rc8 25.Rbf1 Bh6 26.Qxd5 cxd5 27.a3 Bd7 28.Nb2 e6 29.Rb1 Bb5
30.Rgf1 Rg7 31.Rg1 Rgc7 32.Rgc1 Kg7 33.Kg2 Kf7 34.Kf3 Ba6 35.c3 dxc3 36.Bxc3 Rb7
37.b4 Bf8 38.bxc5 Rxc5 39.d4 Rcb5 40.a4 Rb3 41.Kf2 Ba3 42.Rc2 Rxc3 43.Rxc3 Bxb2
44.Rc7+ Rxc7 45.Rxb2 Rb7 46.Rxb7+ Bxb7 47.Ke3 Ke7 48.Kd3 a5 49.Ke3 Bc6  0-1

[Event "9th Bavarian Open"]
[Site "Bad Wiessee GER"]
[Date "2005.11.05"]
[Round "8"]
[White "Landa,K"]
[Black "Klundt,K"]
[Result "1-0"]
[WhiteElo "2600"]
[BlackElo "2377"]

1.e4 c5 2.Nf3 Nc6 3.Nc3 e5 4.Bc4 Be7 5.d3 d6 6.O-O Nf6 7.Ng5 O-O 8.f4 h6
9.Nf3 exf4 10.Bxf4 Be6 11.Nd5 Bxd5 12.Bxd5 Nxd5 13.exd5 Ne5 14.Bxe5 dxe5
15.c4 Bd6 16.g4 g6 17.Kh1 Kh7 18.Qe2 Qe7 19.Rg1 Rae8 20.Rae1 f5 21.gxf5 gxf5
22.Ng5+ Kh8 23.Qh5 Rf6 24.Ref1 Rg8 25.Rxf5  1-0

[Event "9th Bavarian Open"]
[Site "Bad Wiessee GER"]
[Date "2005.11.05"]
[Round "8"]
[White "Cordts,I"]
[Black "Senff,M"]
[Result "1/2-1/2"]
[WhiteElo "2305"]
[BlackElo "2469"]

1.e4 c5 2.Nc3 Nc6 3.Nf3 e5 4.Bc4 Be7 5.d3 Nf6 6.Ng5 O-O 7.f4 exf4 8.Bxf4 d6
9.O-O h6 10.Nf3 Be6 11.Nd5 Bxd5 12.Bxd5 Nxd5 13.exd5 Nb4 14.c4 Qd7 15.a3 Na6
16.Bd2 Bf6 17.Bc3 Bxc3 18.bxc3 Rae8  1/2-1/2

[Event "TCh-CZE Extraliga 2005-6"]
[Site "Czech Rep CZE"]
[Date "2005.11.05"]
[Round "3"]
[White "Petr,Ma"]
[Black "Novak,Pa"]
[Result "0-1"]
[WhiteElo "2387"]
[BlackElo "2345"]

1.e4 c5 2.Nf3 Nc6 3.Nc3 g6 4.d4 cxd4 5.Nxd4 Bg7 6.Be3 Nf6 7.Bc4 O-O 8.Bb3 Qa5
9.f3 d6 10.Qd2 Bd7 11.O-O-O Rfc8 12.Kb1 Ne5 13.Bg5 Nc4 14.Bxc4 Rxc4 15.Nb3 Qa6
16.e5 Ne8 17.Nd5 Bxe5 18.Nxe7+ Kf8 19.Rhe1 Be6 20.f4 Bxf4 21.Nxg6+ hxg6 22.Bxf4 Rac8
23.Nd4 Rxd4 24.Qxd4 Qxa2+ 25.Kc1 Qa1+ 26.Kd2 Qa5+ 27.Kc1 Qa1+ 28.Kd2 Qa5+
29.c3 Kg8 30.Rxe6 fxe6 31.Re1 Qf5 32.Bg3 Rc5 33.Qa4 Nf6 34.Qb3 Ne4+ 35.Kc1 Ra5
36.Kd1 Ra1+ 37.Ke2 Nxg3+  0-1

[Event "TCh-BEL 2005-6"]
[Site "Belgium BEL"]
[Date "2005.11.06"]
[Round "3"]
[White "Riff,JN"]
[Black "Maze,S"]
[Result "1/2-1/2"]
[WhiteElo "2434"]
[BlackElo "2506"]

1.e4 c5 2.Nf3 Nc6 3.Nc3 e5 4.Bc4 Be7 5.d3 Nf6 6.Nd2 a6 7.a3 b5 8.Ba2 d6 9.Nf1 Bg4
10.f3 Be6 11.Ne3 O-O 12.O-O Bxa2 13.Rxa2 Nh5 14.Ncd5 Bg5 15.c3 Nf4 16.Nxf4 Bxf4
17.Nd5 Bxc1 18.Qxc1 Ne7 19.Nxe7+  1/2-1/2

[Event "TCh-CZE Extraliga 2005-6"]
[Site "Czech Rep CZE"]
[Date "2005.11.06"]
[Round "4"]
[White "Murdzia,P"]
[Black "Jirovsky,M"]
[Result "1/2-1/2"]
[WhiteElo "2448"]
[BlackElo "2476"]

1.e4 c5 2.Nf3 Nc6 3.Nc3 g6 4.d4 cxd4 5.Nxd4 Bg7 6.Be3 Nf6 7.Bc4 O-O 8.Bb3 d6
9.f3 Bd7 10.Qd2 Nxd4 11.Bxd4 b5 12.a4 bxa4 13.Bxa4 Be6 14.O-O Nd7 15.Bc6 Bxd4+
16.Qxd4 Rb8 17.Bxd7 Bxd7 18.Nd5 a5 19.Rxa5 e5 20.Qc3 Rc8 21.Qd2 Rxc2 22.Qxc2  1/2-1/2

[Event "WJun"]
[Site "Instanbul TUR"]
[Date "2005.11.10"]
[Round "2"]
[White "Livshits,G"]
[Black "Pileckis,E"]
[Result "1-0"]
[WhiteElo "2381"]
[BlackElo "2255"]

1.e4 c5 2.Nf3 Nc6 3.Nc3 e6 4.g3 Nd4 5.Bg2 g6 6.Nxd4 cxd4 7.Ne2 Bg7 8.c3 dxc3
9.bxc3 Ne7 10.O-O O-O 11.Ba3 d6 12.d4 Qc7 13.Rb1 Rb8 14.f4 Bd7 15.Qd2 Nc8
16.c4 Rd8 17.Rfc1 b6 18.Qe3 Bc6 19.d5 Bd7 20.Nd4 a6 21.Nf3 f6 22.dxe6 Bxe6
23.Nd4 Bd7 24.Ne2 f5 25.Nc3 Bc6 26.Nd5 Qd7 27.e5 Re8 28.Rd1 Qb7 29.e6 Bxd5
30.Bxd5 Qc7 31.Kh1 Ne7 32.Bf3 Red8 33.Qd3 Nc8 34.c5 bxc5 35.Rxb8 Qxb8 36.Bxc5 Qc7
37.Bf2 d5 38.Qxa6 d4 39.Qc6 Qa5 40.a4 Ne7 41.Qc4 Rc8 42.Qb5 Qc3 43.Kg2 Qc4
44.Qd7 Kf8 45.a5 Rb8 46.Bxd4 Bxd4 47.Qxd4 Qxd4 48.Rxd4 Rb2+ 49.Kg1 Ra2 50.Rd8+ Kg7
51.Ra8 Kf6 52.Ra6 Kg7 53.Bb7 Kf6 54.Kf1 h6 55.h4 g5 56.fxg5+ hxg5 57.h5 g4
58.Ra8 Ra1+ 59.Ke2 Ra2+ 60.Kd1 f4 61.gxf4 g3 62.a6  1-0

[Event "WJun"]
[Site "Instanbul TUR"]
[Date "2005.11.10"]
[Round "2"]
[White "Laval,B"]
[Black "Lenic,L"]
[Result "0-1"]
[WhiteElo "2214"]
[BlackElo "2476"]

1.e4 c5 2.Nf3 Nc6 3.Nc3 g6 4.d4 cxd4 5.Nxd4 Bg7 6.Be3 Nf6 7.Be2 O-O 8.O-O d6
9.f4 Bd7 10.Bf3 Rc8 11.Nxc6 Bxc6 12.Bd4 b5 13.Rf2 Qc7 14.a4 bxa4 15.e5 dxe5
16.Bxe5 Qb7 17.Rxa4 Rfd8 18.Rd4 Rxd4 19.Qxd4 Bxf3 20.Rxf3 Qxb2 21.Qxa7 Qxc2
22.Qxe7 Qc1+ 23.Rf1 Qe3+ 24.Kh1 Ng4 25.Nd1 Qe2 26.Rg1 Bxe5 27.fxe5 Rc1 28.h3 Nxe5
29.Qd8+ Kg7 30.Qd4 Rc4 31.Qe3 Re4 32.Qxe2 Rxe2 33.Rf1 f5 34.Kg1 Nc4 35.Rf2 Re1+
36.Rf1 Re6 37.Nc3 h5 38.Nd5 Re5 39.Nf4 h4 40.Nd3 Re3 41.Rf3 Re4 42.Nc5 Re5
43.Nd3 Rd5 44.Nf2 g5 45.Rd3 Rb5 46.Rc3 Rb1+ 47.Kh2 Nd2 48.Rc6 Nf1+ 49.Kg1 Ng3+
50.Kh2 Rf1 51.Rc2 Kf7 52.Rd2 Ke6 53.Rc2 Ke5 54.Nd3+ Kd4 55.Rc1 Kxd3 56.Rxf1 Nxf1+  0-1

[Event "WJun"]
[Site "Instanbul TUR"]
[Date "2005.11.11"]
[Round "3"]
[White "Xie,G"]
[Black "Tulay,B"]
[Result "1-0"]
[WhiteElo "2340"]
[BlackElo "2179"]

1.e4 c5 2.Nc3 Nc6 3.Bb5 g6 4.Bxc6 dxc6 5.d3 Bg7 6.Be3 b6 7.Qd2 e5 8.Nge2 Qe7
9.f4 exf4 10.Bxf4 h6 11.h3 Nf6 12.O-O Nd7 13.a4 a5 14.Rae1 Ne5 15.b3 Ba6
16.Nd1 Rd8 17.Qc1 Bc8 18.Kh1 g5 19.Bg3 g4 20.h4 h5 21.Ne3 Bf6 22.Rxf6 Qxf6
23.Qa1 Nd7 24.e5 Nxe5 25.Bxe5 Qxh4+ 26.Kg1 Rh6 27.Ng3 Qg5 28.Bf4  1-0

[Event "TCh-FIN 2005-6"]
[Site "Helsinki FIN"]
[Date "2005.11.12"]
[Round "5"]
[White "Paakkonen,T"]
[Black "Lahtinen,M"]
[Result "1-0"]
[WhiteElo "2249"]
[BlackElo "2285"]

1.e4 c5 2.Nc3 Nc6 3.Nge2 g6 4.d4 cxd4 5.Nxd4 Bg7 6.Be3 d6 7.Qd2 Nf6 8.f3 Bd7
9.O-O-O Rc8 10.Kb1 Ne5 11.g4 h5 12.g5 Nh7 13.f4 Nc4 14.Bxc4 Rxc4 15.Qd3 Qc8
16.f5 Be5 17.Rhf1 O-O 18.Nd5 Re8 19.b3 Rc5 20.Nf3 Bg7 21.Nh4 Rxd5 22.exd5  1-0

[Event "TCh-FIN 2005-6"]
[Site "Turku FIN"]
[Date "2005.11.12"]
[Round "5"]
[White "Keskinen,S"]
[Black "Hartikainen,M"]
[Result "1/2-1/2"]
[WhiteElo "2279"]
[BlackElo "2284"]

1.e4 c5 2.Nc3 Nc6 3.Bb5 Nd4 4.Bc4 e6 5.Nge2 Nxe2 6.Qxe2 a6 7.a4 Qa5 8.d3 b5
9.Bb3 Ne7 10.O-O Nc6 11.axb5 Qxa1 12.bxc6 Qa5 13.e5 Qc7 14.cxd7+ Bxd7 15.Re1 Bc6
16.Qg4 Rd8 17.Ne4 Rd4 18.Be3 Rb4 19.Bd2 Qxe5 20.Bc3 h5 21.Qh3 Rd4 22.f4 Qxf4
23.Bxd4 cxd4 24.Bxe6 Be7 25.Bxf7+ Kd8 26.Qe6 Rh6 27.Bg6 Bd7 28.Qg8+ Qf8 29.Qxf8+ Bxf8
30.Bf7 Rb6 31.b3 g6 32.Nd2 Bb4 33.Re2 Rf6 34.Bd5 a5 35.Nc4 a4 36.bxa4 Bxa4
37.Ne5 Ba3 38.Bb3 Bxb3 39.cxb3 Rb6 40.Kf2 Rxb3 41.Nxg6 Rxd3 42.Nf4 Rd1 43.Re4 Bb2
44.Ke2 Rh1 45.h3 Kd7 46.Nxh5 Kd6 47.Nf4 Bc3 48.Kd3 Kc5 49.Ne6+ Kd5 50.Nf4+ Kc5
51.Re5+ Kd6 52.Rd5+ Kc6 53.Rf5 Ba1 54.g4 Rg1 55.g5 Rg3+ 56.Kc2 d3+ 57.Kd2 Bd4
58.h4 Be3+ 59.Kxd3 Bxf4+ 60.Ke4 Bc1 61.Rf6+ Kd7 62.Kf5 Ke7 63.Kg6 Rg4 64.Rf7+ Ke6
65.Rf1 Bd2 66.Rf2 Be3 67.Re2 Rg3 68.Re1 Ke5 69.Kf7 Rf3+ 70.Kg6 Rg3 71.Rf1  1/2-1/2

[Event "TCh-HUN 2005-6"]
[Site "Hungary HUN"]
[Date "2005.11.13"]
[Round "3"]
[White "Kovacs,Zs1"]
[Black "Honos,A"]
[Result "1/2-1/2"]
[WhiteElo "2320"]
[BlackElo "2323"]

1.e4 c5 2.Nf3 Nc6 3.Nc3 d6 4.Bc4 Nf6 5.d4 cxd4 6.Nxd4 e5 7.Nf5 Bxf5 8.exf5 Qd7
9.O-O O-O-O 10.f4 d5 11.fxe5 dxc4 12.exf6 Bc5+ 13.Kh1 Qxd1 14.Nxd1 gxf6 15.Ne3 Ne5
16.h3 Rd4 17.Nd1 Rhd8 18.Nc3 Bb4 19.Be3 Bxc3 20.bxc3 Re4  1/2-1/2

[Event "WJun"]
[Site "Instanbul TUR"]
[Date "2005.11.13"]
[Round "5"]
[White "Acuner,E"]
[Black "Uesugi,S"]
[Result "1/2-1/2"]
[WhiteElo "1903"]
[BlackElo "2040"]

1.e4 c5 2.Nf3 Nc6 3.Nc3 g6 4.d4 cxd4 5.Nxd4 Bg7 6.Be3 Nf6 7.Be2 O-O 8.O-O a6
9.Nxc6 bxc6 10.e5 Ne8 11.f4 d6 12.Kh1 Rb8 13.Bc4 Qc7 14.Qf3 d5 15.Bb3 f6
16.exf6 Nxf6 17.Bc5 Re8 18.Bd4 Ng4 19.Bxg7 Kxg7 20.h3 Nf6 21.Rae1 e6 22.Nd1 Ne4
23.Nf2 Nxf2+ 24.Rxf2 Rf8 25.Qc3+ Kg8 26.Qc5 Qb6 27.Qxb6 Rxb6 28.c4 Rb4 29.Kg1 a5
30.cxd5 cxd5 31.Rc1 Bb7 32.Rc7 Rf7 33.Rxf7 Kxf7 34.Bd1 Rc4 35.Kf1 Ba6 36.Ke1 Re4+
37.Kd2 Rd4+ 38.Kc2 Rc4+ 39.Kb3 Bb5 40.Be2 Rb4+ 41.Ka3 Bxe2 42.Rxe2 Rxf4 43.Rc2 Kf6
44.Rc5 d4 45.Kb3 Rf5 46.Rc7 Rd5 47.Kc2 h5 48.Kd3 e5 49.Ke4 Rd6 50.Rc5 d3
51.Rc1 Rb6 52.b3 a4 53.bxa4 d2 54.Rf1+ Ke6 55.Kd3 Rb2 56.Kc3 Rxa2  1/2-1/2

[Event "WJun"]
[Site "Instanbul TUR"]
[Date "2005.11.14"]
[Round "6"]
[White "Li Chao"]
[Black "Kuderinov,K"]
[Result "1-0"]
[WhiteElo "2320"]
[BlackElo "2432"]

1.e4 c5 2.Nf3 Nc6 3.Nc3 d6 4.d4 cxd4 5.Nxd4 Nf6 6.Be2 e5 7.Nf3 h6 8.h3 Be7
9.O-O O-O 10.Re1 Be6 11.Bf1 Rc8 12.Nd5 Re8 13.c4 Nd7 14.b3 Nc5 15.Ba3 Bf8
16.Qd2 f5 17.exf5 Bxf5 18.Rad1 Bh7 19.Nc3 Kh8 20.Bxc5 dxc5 21.Qxd8 Rcxd8
22.Rxd8 Rxd8 23.Nxe5 Nxe5 24.Rxe5 g5 25.Nd5 Bb1 26.a3 a5 27.Re6 b5 28.Ra6 b4
29.Rxa5 Bc2 30.axb4 cxb4 31.Ra2 Be4 32.Ne3 Bg7 33.Be2 Bb1 34.Ra7 Rd2 35.Bg4 Rb2
36.c5 h5 37.c6 Be5 38.Nc4  1-0